000 00679 a2200217 4500
005 20260413104517.0
008 260413b |||||||| |||| 00| 0 eng d
037 _cTB
040 _aCRL
_cCRL
041 _2URD
_aURD
084 _aO168,1N72x Q7
_qCRL
100 _aTabassum Fatima
_91115688
245 _aZara door chalne ki hasrat rahe hai
260 _aDelhi, India:
_bAdab silsila publications,
_c2017.
300 _a120p.
365 _b200.00
_cINR
650 _aUrdu Literature
650 _aUrdu Poetry
942 _cTB
_2CC
_hO168,1N72x Q7
999 _c1679602
_d1679602